| 000 | 00802nam a22003017a 4500 | ||
|---|---|---|---|
| 005 | 20240819185416.0 | ||
| 008 | 150305b2006 CR ||||| |||| 00| 0 spa d | ||
| 020 | _a9977661790 | ||
| 041 | _aESP | ||
| 082 | _a599.31 Z95m | ||
| 100 |
_aZúniga Vega, Claudia _910298 |
||
| 245 | _aMamíferos en peligro: entre osos, perezosos y armadillos | ||
| 260 | _aCosta Rica | ||
| 260 | _bEditorial Tecnológica de Costa Rica | ||
| 260 | _c2006 | ||
| 300 | _a48 páginas | ||
| 505 | _aIncluye ilustraciones a color | ||
| 650 | _aMAMÍFEROS | ||
| 650 | _aCOSTA RICA | ||
| 650 | _aPROTECCION ANIMAL | ||
| 650 | _aCONSERVACION ANIMAL | ||
| 650 | _aOSO MIELERO | ||
| 650 | _aPEREZOSOS | ||
| 650 | _aARMADILLOS | ||
| 650 | _aANIMALES EN PELIGRO DE EXTINCION | ||
| 942 |
_cBK _2ddc |
||
| 999 |
_c3705 _d3705 |
||